| 000 | 00568nam a2200229 a 4500 | ||
|---|---|---|---|
| 999 |
_c4934 _d4934 |
||
| 001 | 4934 | ||
| 003 | BD-JhCC | ||
| 005 | 20171209125321.0 | ||
| 008 | 171130s1975 e a|||| ||a| 001 0 eng d | ||
| 035 | _a(BD-JhCC)4701 | ||
| 040 |
_aBD-JhCC _dBD-JhCC |
||
| 041 | _aeng | ||
| 082 |
_a910 _bHON 1975 |
||
| 100 | _aHoneybone, R C | ||
| 245 |
_aWorld Geography / _cR C Honeybone; M. Long |
||
| 260 |
_aLondon : _bHeinemann Educational, _c1975. |
||
| 300 |
_a488 p. : _c25 cm. _billu; |
||
| 650 | _aGeography | ||
| 700 | _aM. Long | ||
| 942 |
_2ddc _cBK |
||